00626nam a2200169Ia 450000500170000000800410001702000180005808200190007610000340009524500420012926000270017130000120019865000360021094200070024699900190025395201840027220250303095828.0231217s9999 xx 000 0 und d a9788131420133 a630 GHO;2 R1 aGhosh, Subir. Divya Nigam ed. 0aAlternative forms of farming in India c2008bIcfaiaHyderabad aix, 259 aAlternative,forms,forming,India cAA c190192d190192 r2024-01-26 00:00:00l0o630 GHO;2 R1p71169W0v38.00w2024-01-26yAAz711691040708CL00K1993L18/10/1988aMLbMLcCLd2010-11-26eICFAI Pressg38.00EMBAGRSF1V0URupees